| 000 | 00549nam a22001817a 4500 | ||
|---|---|---|---|
| 999 |
_c5762 _d5762 |
||
| 001 | 2553 | ||
| 003 | BD-DhUAP | ||
| 005 | 20201221101007.0 | ||
| 008 | 201221s bg a|||| |||| 00| 0 eng d | ||
| 040 |
_aBD-DhUAP _bEng _cBD-DhUAP _dBD-DhUAP |
||
| 082 |
_223 _a338.1 AGR |
||
| 110 | _aPeople's Republic of Bangladesh. | ||
| 245 |
_aAgriculture in Bangladesh / _cedited by Iqbal Mahmud ... [et al.]. |
||
| 260 |
_aBangladesh : _bBADC, _c[...?]. |
||
| 300 |
_a86 pages : _billustrations ; _c25 cm. |
||
| 650 |
_aAgriculture _zBangladesh. |
||
| 942 |
_2ddc _cBK |
||